Sweet- Cigarettes After Sex - Statistics

General Stats
  • This quiz has been taken 142 times
  • The average score is 159 of 182
Answer Stats
Answer % Correct
I
100%
it
100%
it,
100%
it's
100%
It's
100%
so
100%
sweet,
100%
sweet
100%
that
100%
you
100%
You
100%
you,
100%
you x4
100%
know
99%
love
99%
me
99%
to
95%
your
95%
knowing
94%
Knowing
94%
we
94%
the
92%
The
92%
hair
90%
say
90%
and
87%
And
87%
don't
87%
each
87%
for
86%
other,
86%
need
85%
my
83%
Watching
83%
video
82%
where
82%
with
82%
But
81%
through
81%
fingers
79%
I'm
79%
In
79%
running
79%
sent
79%
body
78%
way
78%
you're
78%
one
77%
does
76%
obsessed
76%
showering
73%
wet
73%
smile
69%
break
67%
dripping
67%
heart
65%
think
65%
color
64%
lying
64%
perfect
63%
Though
63%
gladly
58%
red
58%
eyes
56%
pull
56%
ten
55%
under
55%
lingerie
51%
times
51%
skin's
47%
nightly
46%
will
40%
always
37%
No matching quizzes found
Score Distribution
Percent of People with Each Score
Percentile by Number Answered
Your Score History
You have not taken this quiz